The bell curve: intelligence and class structure in American life
Saved in:
| Main Authors: | , |
|---|---|
| Format: | Bog |
| Sprog: | engelsk |
| Udgivet: |
Nueva York
The Free Press
1994
|
| Fag: | |
| Tags: |
Tilføj Tag
Ingen Tags, Vær først til at tagge denne postø!
|
MARC
| LEADER | 00000nam a2200000 a 4500 | ||
|---|---|---|---|
| 001 | UCT6107 | ||
| 003 | CL-VaPUC | ||
| 008 | 961230e19940000US |||||||||||||||||eng|d | ||
| 082 | 0 | 4 | |a 305.908 |b HER |2 21 |
| 100 | |a Herrnstein, Richard J |e author |9 412537 | ||
| 700 | 0 | |a Murray, Charles |e author |9 375880 | |
| 245 | 1 | 4 | |a The bell curve: intelligence and class structure in American life |
| 300 | |a 845 p | ||
| 942 | |c BK | ||
| 945 | |d 19961230 00:00:00 |a nastorga | ||
| 260 | |a Nueva York |b The Free Press |c 1994 | ||
| 650 | 7 | |a INTELECTO |2 CL-VaPUC |9 266550 | |
| 650 | 0 | |a Aspectos sociales |9 254894 | |
| 650 | 0 | |a Psicología educacional |9 307830 | |
| 650 | 0 | |a Sociedad |9 307903 | |
| 650 | 0 | |a Naturaleza |9 269656 | |
| 650 | 7 | |a NIVELES DE INTELIGENCIA |2 CL-VaPUC |9 375881 | |
| 650 | 0 | |a Cognición |9 270347 | |
| 650 | 0 | |a Demografía |9 260008 | |
| 650 | 0 | |a Datos estadísticos |9 329380 | |
| 583 | |a last modification |c 19961230 00:00:00 |k Rodrigo Vera | ||
| 999 | |c 254834 |d 254832 | ||
| 952 | |0 0 |1 0 |4 0 |6 305_908000000000000_HER_1994 |7 0 |8 A |9 276752 |a BIBENE |b BIBENE |d 2019-11-19 |i 3264378 |o 305.908 HER 1994 |p 3264378 |r 2025-01-15 |w 2019-11-19 |y BK |k ICO | ||